书目信息 |
| 题名: |
古典与民谣吉他和弦指法大全
|
|
| 作者: | 黑杭林 编著 | |
| 分册: | ||
| 出版信息: | 上海 上海音乐出版社 2002 |
|
| 页数: | 20,490页 | |
| 开本: | 20cm | |
| 丛书名: | ||
| 单 册: | ||
| 中图分类: | J623.2 | |
| 科图分类: | ||
| 主题词: | 六弦琴--和弦--指法 , CT--S048909--六弦琴 , CT--S031006--和弦 , CT--S095139--指法 , 器乐--理论 , 器乐--奏法 , 器乐--演奏 | |
| 电子资源: | ||
| ISBN: | 7-80667-132-3 | |
| 000 | 00953nam0 2200301 45 | |
| 001 | 012002047163 | |
| 005 | 20031219104114.7 | |
| 010 | @a7-80667-132-3@dCNY26.00 | |
| 100 | @a20020605d2002 em y0chiy0110 ea | |
| 101 | 0 | @achi |
| 102 | @aCN@b310000 | |
| 105 | @ag z 001yy | |
| 106 | @ar | |
| 200 | 1 | @a古典与民谣吉他和弦指法大全@9gu dian yu min yao ji ta he xian zhi fa daquan@f黑杭林编著 |
| 210 | @a上海@c上海音乐出版社@d2002 | |
| 215 | @a20,490页@d20cm | |
| 330 | @a本书收录了12调式共8000余种吉他和弦指法。每个调式中的和弦指法又按和弦名称加以分类,并按和弦音的构成以由简单到复杂的顺序排列。 | |
| 606 | 0 | @a六弦琴@x和弦@x指法 |
| 606 | 0 | @2CT@3S048909@a六弦琴 |
| 606 | 0 | @2CT@3S031006@a和弦 |
| 606 | 0 | @2CT@3S095139@a指法 |
| 606 | 0 | @a器乐@x理论 |
| 606 | 0 | @a器乐@x奏法 |
| 606 | 0 | @a器乐@x演奏 |
| 690 | @aJ623.2@v4 | |
| 701 | 0 | @a黑杭林@9hei hang lin@4编著 |
| 801 | @aCN@bTSTC@c20030918 | |
| 905 | @b325206-208@dJ623.2@e119@f3 | |
| 古典与民谣吉他和弦指法大全/黑杭林编著.-上海:上海音乐出版社,2002 |
| 20,490页;20cm |
| ISBN 7-80667-132-3:CNY26.00 |
| 本书收录了12调式共8000余种吉他和弦指法。每个调式中的和弦指法又按和弦名称加以分类,并按和弦音的构成以由简单到复杂的顺序排列。 |
| ● |
| 相关链接 |
|
|
|
|
正题名:古典与民谣吉他和弦指法大全
索取号:J623.2/119
 
预约/预借
| 序号 | 登录号 | 条形码 | 馆藏地/架位号 | 状态 | 备注 |
| 1 | 0325206 | 203252069 | 第一借阅区/ [索取号:J623.2/119] | 在馆 | |
| 2 | 0325207 | 203252078 | 第一借阅区/ [索取号:J623.2/119] | 在馆 | |
| 3 | 0325208 | 203252087 | 第一样本阅览室/ [索取号:J623.2/119] | 在馆 |